000 00466pab a2200181 454500
008 180718b2008 xxu||||| |||| 00| 0 eng d
100 _aSinha, Ram Pratap
245 _aAsset quality based ranking of Indian commercial banks: a super efficiency approach
260 _c2008
300 _ap.79-92.
362 _aMar
650 _aBanks - India
650 _aBanks
700 _aChatterjee, Biswajit
773 _aArtha Vijnana
908 _aN
909 _a80596
999 _c80596
_d80596